Normal view
MARC view
- Kingslake, Rudolf
Entry Personal Name
001 - CONTROL NUMBER
- control field: 41578
003 - CONTROL NUMBER IDENTIFIER
- control field: NUST
005 - DATE AND TIME OF LATEST TRANSACTION
- control field: 20210314132102.0
008 - FIXED-LENGTH DATA ELEMENTS
- fixed length control field: 210314|| aca||aabn | a|a d
040 ## - CATALOGING SOURCE
- Original cataloging agency: NUST
- Transcribing agency: NUST
100 ## - HEADING--PERSONAL NAME
- Personal name: Kingslake, Rudolf
670 ## - SOURCE DATA FOUND
- Source citation: Work cat.: (NUST): Kingslake, Rudolf,, Applied optics and optical engineering., 1965-1969.
